| 000 | 01047ntm a22002655a 4500 | ||
|---|---|---|---|
| 001 | vtls000056334 | ||
| 003 | ES-BaIT | ||
| 005 | 20211007160400.0 | ||
| 007 | t| | ||
| 008 | 131008| ||||||||| 00| |spa|d | ||
| 010 | _a56334 | ||
| 035 |
_a0056-33460 _9 ES-BaIT035 |
||
| 039 | 9 |
_a201403080135 _bVLOAD _c201310110036 _dVLOAD _c201310101655 _dVLOAD _c201310082257 _dVLOAD _y201110052349 _zVLOAD |
|
| 040 | 0 | 0 |
_aSEDO _bcat |
| 245 | 0 | 3 |
_aEl Cura examinador _h[Manuscrit] |
| 260 | _a[s.a.] | ||
| 300 | _a 1 Manuscrit | ||
| 500 | _aEntremés de.. (1ª parte) (la 2ª parte de este entremés es igual a la 1ª modificada la redacción. No está copiada) | ||
| 500 | _aCop. manuscrita - notas Cotarelo | ||
| 593 |
_a0110 _b47068 _cProcedència: Col·lecció Joaquín Montaner _hArtur Sedó |
||
| 856 | 4 | 2 |
_3Fitxa del catàleg manual _uhttp://www.cdmae.cat/sedo/imgtitulos/019/P0000207.gif |
| 940 | _aIT | ||
| 949 |
_AVIRTUAITEM _D10010 _G10010 _X1 _61990282880 _a47068 |
||
| 999 |
_c48908 _d48908 |
||